000 00605nam a2200217 i 4500
001 C2-0286911
003 PPAK
005 20180728020301.0
008 080130s2007 my a|||| ||||| | may d
020 _a9831041151
040 _aPPAK
_beng
_cPPAK
_erda
082 0 4 _a384.5
_223
090 0 0 _a384.5
_bKEN
_dR
245 0 0 _aKenapa telefon bimbit tidak selamat
264 1 _aPulau Pinang :
_bPersatuan Pengguna Pulau Pinang ,
_c[2007]
300 _a48 pages :
_billustrations ;
_c11 cm
336 _2rdacontent
_atext
337 _2rdamedia
_aunmediated
338 _2rdacarrier
_avolume
942 _ddc
_cB
999 _c92628
_d92628